Sabrina Carpenter - Man's Best Friend Tracklist Sudden Death - Statistics

General Stats
  • This quiz has been taken 90 times
  • The average score is 11 of 13
Answers on the Grid
Answers color-coded by a green-red scale on the quiz's grid according to % correct below.
Manchild
Tears
My Man on Willpower
Sugar Talking
We Almost Broke Up Again Last Night
Nobody's Son
Never Getting Laid
When Did You Get Hot?
Go Go Juice
Don't Worry I'll Make You Worry
House Tour
Goodbye
Such A Funny Way
Taste
Paris
Espresso
Please Please Please
Because I Liked A Boy
Nonsense
Feather
Emails I Can't Send
Thumbs
Sue Me
Tornado Warnings
But Me Presents
Can't Blame a Girl for Trying
Honeymoon Fades
Don't Smile
 
Answer Stats
Answer % Correct
House Tour
91%
Never Getting Laid
91%
When Did You Get Hot?
91%
Go Go Juice
90%
Manchild
90%
My Man on Willpower
90%
Nobody's Son
90%
Don't Worry I'll Make You Worry
88%
Goodbye
88%
Sugar Talking
88%
Tears
88%
We Almost Broke Up Again Last Night
88%
Such A Funny Way
74%
No matching quizzes found
Score Distribution
Percent of People with Each Score
Percentile by Number Answered
Your Score History
You have not taken this quiz